000 00705nam a22002297a 4500
003 0
005 20250902151717.0
008 250902b xxu||||| |||| 00| 0 eng d
020 _a979-8-89365-082-2
050 _aGV 703
_b.P47 2025
100 _aPerkins, Vincent,
_eauthor.
245 _aSports and exercise nutrition /
_cVincent Perkins.
260 _aNew York City, NY :
_bMurphy & Moore Publishing,
_c2025.
300 _aviii, 239 pages :
_bcolored illustrations ;
_c26 cm.
504 _aIncludes bibliographical references and index.
650 _aSports.
650 _aExercise.
650 _aNutrition.
650 _aPhysical education and training.
650 _aHealth.
942 _2lcc
_cBK
999 _c367759
_d367759